Model Library Legislation (Record no. 44313)
[ view plain ]
| 000 -LEADER | |
|---|---|
| fixed length control field | 003610000a22001450004500 |
| 003 - CONTROL NUMBER IDENTIFIER | |
| control field | MACL |
| 040 ## - CATALOGING SOURCE | |
| Original cataloging agency | MACL |
| 090 ## - LOCALLY ASSIGNED LC-TYPE CALL NUMBER (OCLC); LOCAL CALL NUMBER (RLIN) | |
| -- | 44770 |
| -- | 44768 |
| 100 ## - MAIN ENTRY--PERSONAL NAME | |
| Personal name | Venkatappaiah, Velaga |
| 245 ## - TITLE STATEMENT | |
| Title | Model Library Legislation |
| 260 ## - PUBLICATION, DISTRIBUTION, ETC. (IMPRINT) | |
| Name of publisher, distributor, etc. | Concept Publishing Company |
| Date of publication, distribution, etc. | 1994 |
| 650 ## - SUBJECT ADDED ENTRY--TOPICAL TERM | |
| Topical term or geographic name as entry element | Library and Information Scince |
| 942 ## - ADDED ENTRY ELEMENTS (KOHA) | |
| Koha item type | Library Membar |
| Call number prefix | 021.8/VEN |
| 951 ## - EQUIVALENCE OR CROSS-REFERENCE--GEOGRAPHIC NAME/AREA NAME [OBSOLETE] [CAN/MARC only] | |
| -- | 021.8/VEN BOOK |
No items available.









